Statistics for Purpose-Built Capital Cities

Click here to take the quiz!

General Stats

  • This quiz has been taken 46 times
  • The average score is 11 of 19

Answer Stats

RegionDateCapital% Correct
South America1960Brasilia
94%
North America1800Washington D.C.
91%
Oceania1913Canberra
89%
North America1857Ottawa
80%
Southeast Asia2005Naypyidaw
77%
Central Asia1998Nur-Sultan
74%
Central America1970Belmopan
66%
West Africa1991Abuja
63%
South America1535Lima
63%
South Asia1912New Delhi
60%
Middle East1923Ankara
54%
Middle East752Baghdad
54%
South Asia1960Islamabad
51%
Oceania2006Ngerulmud
43%
Mediterranean1571Valletta
43%
Northwest Africa1958Nouakchott
40%
Oceania1989Palikir
37%
Southern Africa1964Gaborone
23%
Caribbean1628Bridgetown
17%

Score Distribution

Percentile by Number Answered

Percent of People with Each Score

Your Score History

You have not taken this quiz